| 000 | 00342nam a2200133Ia 4500 | ||
|---|---|---|---|
| 008 | 240624s9999 xx 000 0 und d | ||
| 041 | _aeng | ||
| 082 | _a658.403 LAN | ||
| 100 | _aLANT THERESA K | ||
| 245 | _aORGANIZATIONAL COGNITION COMPUTATION AND | ||
| 260 |
_c2000 _aNew York _bPsychology Press |
||
| 300 | _a408 : p. | ||
| 365 |
_cBPS _b30 |
||
| 999 |
_c18128 _d18128 |
||